Loading...
| Fine Arts - Auditory | 1 | 2 | 0 | 1 | 35 | 56 | 90.33 | 0 | 3 | 9.16 | 18.75 |
| Fine Arts - Visual | 0 | 3 | 0 | 1 | 30 | 100 | 112.67 | 0 | 0 | 4.20 | 6.25 |
| History - European | 1 | 1 | 0 | 0 | 25 | 65 | 85.00 | 1 | 1 | 6.33 | 10.42 |
| Geography | 1 | 1 | 0 | 0 | 25 | 54 | 75.50 | 0 | 2 | 41.88 | 68.75 |
| History - Other | 1 | 1 | 1 | 1 | 20 | 70 | 101.50 | 1 | 1 | 4.48 | 10.23 |
| History - American | 0 | 2 | 0 | 0 | 20 | 80 | 89.00 | 1 | 1 | 5.11 | 12.50 |
| History - World | 0 | 2 | 0 | 0 | 20 | 89 | 92.50 | 0 | 1 | 4.39 | 9.62 |
| Science - Other | 1 | 0 | 0 | 0 | 15 | 42 | 42.00 | 1 | 1 | 5.72 | 8.33 |
| Literature - American | 0 | 1 | 0 | 1 | 10 | 138 | 138.00 | 1 | 1 | 0.06 | 8.33 |
| Other Academic | 0 | 0 | 1 | 0 | -5 | 0.00 | 0 | 0 | 0.00 | 0.00 | |
| Religion | 0 | 0 | 1 | 0 | -5 | 0.00 | 0 | 0 | 0.00 | 0.00 |